000 00285nam a22001337a 4500
008 171228b xxu||||| |||| 00| 0 eng d
020 _a9780820564388
041 _aeng
080 _26TH
_a34
100 _a14
101 _aJUR
245 _aCOPYRIGHT LAW
_cJOYCE,C
942 _2udc
_cBK
999 _c39566
_d39566